| 000 | 00846nam a22001817a 4500 | ||
|---|---|---|---|
| 003 | SISC | ||
| 005 | 20160616122647.0 | ||
| 008 | 160616b xxu||||| |||| 00| 0 eng d | ||
| 020 | _a9789814574631 | ||
| 050 | _aQA 135.6 T645 2014 | ||
| 245 |
_aTopical maths normal academic / _cP. J. Toh. |
||
| 250 | _a2nd ed. | ||
| 260 |
_aSingapore : _bSingapore Publishing House _c2014. |
||
| 300 |
_a196 p. : _bill. ; _c26 cm. |
||
| 520 | _aTopical Maths Normal (Academic) is a series of books which is extremely useful for students preparing for end-of-year examinations. Each book provides a comprehensive coverage of the latest MOE Secondary Maths syllabus, and students will find it easy to follow the clear and easy-to-understand explanations given for the various concepts. | ||
| 650 | _aMathematics--Study and teaching. | ||
| 942 |
_2lcc _cBK |
||
| 999 |
_c295953 _d295953 |
||